|
|
|
|
| LEADER |
01089nam a2200253 a 4500 |
| 001 |
2626593 |
| 008 |
100309r1999 enka b 001 0 eng d |
| 010 |
|
|
|a \\\98222901
|
| 020 |
|
|
|a 0201360586
|
| 040 |
|
|
|a DLC
|c DLC
|d DLC
|d BD-DhAAL
|
| 082 |
0 |
0 |
|a 006.7
|2 21
|
| 100 |
1 |
|
|a England, Elaine.
|
| 245 |
1 |
0 |
|a Managing multimedia :
|b project management for interactive media /
|c Elaine England, Andy Finney.
|
| 250 |
|
|
|a 2nd ed.
|
| 260 |
|
|
|a Harlow, England ;
|a Reading, Mass. :
|b Addison-Wesley,
|c c1999 [reprinted].
|
| 300 |
|
|
|a xvi, 423 p. :
|b ill. ;
|c 24 cm.
|
| 504 |
|
|
|a Includes bibliographical references and index.
|
| 541 |
1 |
|
|e 00019861
|
| 650 |
|
0 |
|a Multimedia systems.
|
| 700 |
1 |
|
|a Finney, Andy.
|
| 852 |
4 |
|
|a Ayesha Abed Library
|j General Shelf
|
| 999 |
|
|
|c 7740
|d 7740
|
| 952 |
|
|
|0 0
|1 0
|2 ddc
|4 0
|6 006_700000000000000_ENG_1999
|7 0
|9 8524
|a BRACUL
|b BRACUL
|c GEN
|d 2010-03-09
|l 1
|m 1
|o 006.7 ENG
|p 3010019861
|r 2019-04-01
|s 2019-03-12
|t 1
|w 2010-03-09
|y BK
|
| 952 |
|
|
|0 0
|1 0
|2 ddc
|4 0
|6 006_700000000000000_ENG_1999
|7 0
|9 8525
|a BRACUL
|b BRACUL
|c GEN
|d 2010-03-09
|l 0
|o 006.7 ENG
|p 3010019862
|r 2010-03-09
|t 2
|w 2010-03-09
|y BK
|